LEADER 01086nam0-2200337 --450 001 9910645490403321 005 20250606091429.0 010 $a88-86498-52-7 020 $aIT$b98-13183 100 $a20230215d1998----kmuy0itay5050 ba 101 1 $aita$ceng 102 $aIT 105 $aa 001yy 200 1 $aInformation architecture$ebasi e futuro del CAAD$fGerhard Schmitt 210 $aTorino$cTesto & immagine$d1998 215 $a93 p.$cill.$d19 cm 225 1 $aUniversale di architettura$v43 300 $aTraduzione dall'inglese di Simonetta Franceschetti 610 0 $aMicroelaboratori elettronici$aProgrammi AutoCAD 610 0 $aProgettazione architettonica$aProgrammi per microelaboratori 676 $a721.02855369$v20 700 1$aSchmitt,$bGerhard$f<1953- >$01276244 801 0$aIT$bUNINA$gREICAT$2UNIMARC 901 $aBK 912 $a9910645490403321 952 $aFONDO ROSSI 3559$bROSSI 3680$fFARBC 952 $aDE FUSCO 85$bRDF 103$fDARST 959 $aDARST 959 $aFARBC 996 $aInformation architecture$93007300 997 $aUNINA